| 000 | 01973cam a2200529 i 4500 | ||
|---|---|---|---|
| 001 | 22772 | ||
| 003 | KOSZ 005 | ||
| 005 | 20250715112121.0 | ||
| 008 | 250715s1981 pl a f 001 0 pol | ||
| 015 | _aUWD 1981/8970 | ||
| 020 | _a8320403456 | ||
| 035 | _a991012747639705066 | ||
| 035 | _a(PL-WaBN)b13445327-48omnis_nlop | ||
| 035 | _ab13445327 | ||
| 035 | _a(OCoLC)830210345 | ||
| 035 | _azz2004825544 | ||
| 035 | _a(PL)b0000001344532 | ||
| 035 | _a(EXLNZ-48OMNIS_NETWORK)9910404650705606 | ||
| 040 |
_aWA N _cWA N _dKOSZ 005/RW |
||
| 046 | _k1956 | ||
| 080 | _a621.9 | ||
| 080 | _a(083.1) | ||
| 100 | 1 |
_aDobrzański, Tadeusz _eAutor |
|
| 245 | 1 | 0 |
_aUchwyty obróbkowe : _bporadnik konstruktora / _cTadeusz Dobrzański. |
| 250 | _aWydanie 6 uaktualnione. | ||
| 260 |
_aWarszawa : _bWydawnictwa Naukowo-Techniczne, _c1981. |
||
| 300 |
_a465, [3] stron : _bilustracje, tabele, wykresy ; _c24 cm. |
||
| 336 |
_aTekst _btxt _2rdacontent |
||
| 337 |
_aBez urządzenia pośredniczącego _bn _2rdamedia |
||
| 338 |
_aWolumin _bnc _2rdacarrier |
||
| 380 | _aKsiążki | ||
| 380 | _aPublikacje dydaktyczne | ||
| 380 | _aPublikacje fachowe | ||
| 385 |
_mPoziom nauczania _aSzkoły wyższe |
||
| 388 | 1 | _a1901-2000 | |
| 388 | 1 | _a1945-1989 | |
| 504 | _aBibliografia na stronach 458-459, wykaz norm na stronach 459-561. Indeks. | ||
| 521 | 8 | _aKsiążka jest przeznaczona dla inżynierów i techników - konstruktorów uchwytów i technologów, a poza tym może służyć jako pomoc dla studentów wyższych uczelni technicznych o kierunku mechanicznym-technologicznym. | |
| 650 | 7 |
_aObrabiarka _2DBN |
|
| 650 | 7 |
_aUchwyty obróbkowe _2DBN |
|
| 655 | 7 | _aPoradnik | |
| 658 | _aInżynieria i technika | ||
| 710 | 2 |
_aWydawnictwa Naukowo-Techniczne _4pbl |
|
| 856 |
_uhttps://koha.tu.koszalin.pl/cgi-bin/koha/opac-detail.pl?biblionumber=22772 _yKatalog online BPK |
||
| 942 |
_2UKD _cKS |
||
| 999 |
_c22772 _d22772 |
||